Statystyki dla Quiz O SUPER THINGSACH #2

Kliknij tutaj aby rozwiązać quiz!

Ogólne statystyki

  • Ten quiz został rozwiązany 8 razy
  • Średni wynik to 4 z 8

Statystyki odpowiedzi

ZagadnienieOdpowiedź% Poprawnych
CZY OCULUS MAX TO KAMERA CZY APARATKAMERA
67%
KTO WYMYŚLIŁ SUPER THINGSYMAGIC BOX
67%
KTO BYŁ WCZEŚNIE NEON BLAST CZY KAZOOM BLASTNEON BLAST
67%
Z KTÓREJ SERII JEST NOOMERCHAOSZ RESCUE FORCE
67%
Z KTÓREJ SERII SĄ KRYSTALICZNE ZINGSYZ SERII PROFESORA K
67%
Z JAKIEGO KRAJU SĄ SUPER THINGSYHISZPANIA
50%
ILE TRZEBA OTWORZYĆ SASZETEK ŻEBY TRAFIĆ SREBRNEGO SUPER ZINGSA Z SERII 2 CZYLI PROFESORA KOKOŁO 16
33%
Z KTÓREJ SERII JEST BALOONBOXERZ SERII KIDA KAZOOMA
17%

Rozkład punktacji

Percentyl według liczby udzielonych odpowiedzi

Procent ludzi z każdym wynikiem

Twoja historia wyników

Nie rozwiązałeś tego quizu